01009nam a2200217 a 4500001001000000005001700010008004100027020001500068020001500083040001800098050002200116245011800138260003800256300004300294500025200337500003400589504004100623650003500664650003700699650005500736BRCA_113020190320203307.0980522s1998 nyua---##b---#001-0#eng-# a0195123964 a0195123972 aDLCcDLCdDLC 4aND1605b.C66 199810aCopper as CanvasbTwo Centuries of Masterpiece Paintings on Copper, 1575-1775c[organized by] Phoenix Art Museum. aNew YorkbOxford Universityc1998 axx, 346 p.bil. a color, mapasc28 cm. aCatálogo de la exposición realizada en el Museo de Arte de Phoenix, 19 diciembre - 28 febrero, 1998, en el Museo de Nelson-Atkins del Arte, 28 marzo - 23 junio, 1999 y en el Gabinete Real de las Pinturas Mauritshuis, 26 junio - 22 agosto, 1999 aIncluye índice alfabético aIncluye referencias bibliográficas14aPintura de cobrevExposiciones14aPinturavExposicionesySiglo XVI14aPintura modernavExposicionesySiglos XVII y XVIII